有名な国の正式名称 - Statistics

General Stats
  • This quiz has been taken 417 times
  • The average score is 12 of 15
Answer Stats
通称 正式国名 % Correct
韓国 大韓民国
99%
日本 日本国
98%
中国 中華人民共和国
98%
北朝鮮 朝鮮民主主義人民共和国
96%
インド インド
85%
アメリカ アメリカ合衆国
85%
ロシア ロシア連邦
82%
フランス フランス共和国
76%
イギリス グレートブリテン及び北アイルランド連合王国
75%
イタリア イタリア共和国
75%
スペイン スペイン王国
62%
ドイツ ドイツ連邦共和国
59%
オーストラリア オーストラリア連邦
59%
メキシコ メキシコ合衆国
56%
ブラジル ブラジル連邦共和国
49%
No matching quizzes found
Score Distribution
Percent of People with Each Score
Percentile by Number Answered
Your Score History
You have not taken this quiz